[Event "ZN-2014-0-02699"]
[White "Salinas, Evin"]
[Black "Bloeski, Joe"]
[Site "LSS email"]
[Round "?"]
[Result "1-0"]
[Date "2014.04.30"]
[WhiteElo "740"]
[BlackElo "800"]
[PlyCount "43"]
[EventDate "2014.04.27"]
[EventType "match (corr)"]
[EventRounds "2"]
[EventCountry "GER"]
[SourceTitle "Telechess CBM 167"]
[Source "ChessBase"]
[SourceDate "2015.07.13"]
[SourceVersion "1"]
[SourceVersionDate "2015.07.13"]
[SourceQuality "1"]

1. d4 Nc6 2. c4 e5 3. d5 Nce7 4. e4 Ng6 5. Nf3 Nf6 6. b3 Nxe4 7. Qe2 f5 8. g3 Bc5 9. Bb2 Bxf2+ 10. Kd1 d6 11. Bg2 Bxg3 12. hxg3 Nxg3 13. Qd2 Nxh1 14. Bxh1 f4 15. Nc3 Bg4 16. Ne4 Nh4 17. Qd3 0-0 18. Kc2 Nf5 19. Bc1 h6 20. Bd2 Qd7 21. Nf2 Bxf3 22. Qxf3 1-0

[Event "OP-2014-0-03388"]
[White "Bloeski, Joe"]
[Black "Lenz, Juergen"]
[Site "LSS email"]
[Round "?"]
[Result "1-0"]
[Date "2014.04.20"]
[WhiteElo "800"]
[BlackElo "1171"]
[PlyCount "79"]
[EventDate "2014.04.16"]
[EventType "tourn (corr)"]
[EventRounds "4"]
[EventCountry "GER"]
[SourceTitle "Corr 2022"]
[Source "ChessBase"]
[SourceDate "2021.10.24"]
[SourceVersion "1"]
[SourceVersionDate "2021.10.24"]
[SourceQuality "1"]

1. a3 c5 2. Nc3 d5 3. e4 d4 4. Nce2 e5 5. Ng3 Nc6 6. Bc4 Nf6 7. Nf3 Bd6 8. 0-0 0-0 9. d3 Bg4 10. h3 Be6 11. Bxe6 fxe6 12. Bg5 b5 13. Nh5 Qe8 14. Nxf6+ gxf6 15. Bh6 Rf7 16. Qd2 Kh8 17. Nh2 Bf8 18. Ng4 Ne7 19. f4 Ng6 20. Bxf8 Qxf8 21. fxe5 Nxe5 22. Nxe5 fxe5 23. Rxf7 Qxf7 24. Rf1 Qg7 25. Qf2 Rg8 26. Qf6 Qxf6 27. Rxf6 Rg6 28. Rxg6 hxg6 29. Kf2 g5 30. Kf3 Kg7 31. Kg4 Kg6 32. h4 gxh4 33. Kxh4 Kh6 34. g4 c4 35. g5+ Kg6 36. Kg4 Kg7 37. Kh5 Kh7 38. g6+ Kg7 39. Kg5 a6 40. b3 1-0